The reluctant politician : Tun Dr Ismail and his time /

Bibliographic Details
Format: Book
Published: Singapore: Institute of Southeast Asian Studies, 2006.
Subjects:
LEADER 00571cam a2200181 7i4500
001 0000018280
005 20151104090000.0
005 ##20151104121500.0
003 ##MY-KlINT
020 # # |a 981230424X  
020 # # |a 9789812304247  
039 # 9 |y 201511041215  |z VLOAD 
090 0 0 |a CN   |b OOI 
245 1 4 |a The reluctant politician :   |b Tun Dr Ismail and his time /   |c Ooi Kee Beng. 
260 # # |a Singapore:   |b Institute of Southeast Asian Studies,   |c 2006. 
300 # # |a xxvii,311p.;   |c 21cm. 
650 # 0 |a Politicians --   |x Malaysia --   |x Biography  
650 # 0 |a Ismail Dato' Abdul Rahman, Tun, 1915-1973